Diccionario de técnicas mentales : (Record no. 196192)

MARC details
000 -CABECERA
campo de control de longitud fija 00874nam a2200253 u 4500
005 - FECHA Y HORA DE LA ÚLTIMA TRANSACCIÓN
campo de control 20220811110926.0
008 - ELEMENTOS DE LONGITUD FIJA--INFORMACIÓN GENERAL
campo de control de longitud fija 180417s2013 es r 000 0 spa d
020 ## - NÚMERO INTERNACIONAL NORMALIZADO PARA LIBROS
Número Internacional Estándar del Libro 9788433026736
035 ## - NÚMERO DE CONTROL DEL SISTEMA
Número de control de sistema UPN01000224095
049 ## - COLECCIÓN
Colección C
050 #4 - SIGNATURA TOPOGRÁFICA DE LA BIBLIOTECA DEL CONGRESO
Número de clasificación BF632
Número de documento/Ítem B4.24
100 1# - ASIENTO PRINCIPAL--NOMBRE PERSONAL
Nombre de persona Bender, Claudia
9 (RLIN) 42071
245 10 - MENCIÓN DE TÍTULO
Título Diccionario de técnicas mentales :
Resto del título las mejores técnicas de la A a la Z /
Mención de responsabilidad, etc. Claudia Bender, Michael Draksal ; tr. Monaida García Skorzeny.
260 ## - PUBLICACIÓN, DISTRIBUCIÓN, ETC.
Lugar de publicación, distribución, etc. Bilbao, Esp. :
Nombre del editor, distribuidor, etc. Desclée de Brouwer,
Fecha de publicación, distribución, etc. 2013.
300 ## - DESCRIPCIÓN FÍSICA
Extensión 394 p.
440 #0 - MENCIÓN DE SERIE/ASIENTO SECUNDARIO--TÍTULO
Título Serendipity.
Nombre de parte o sección de la obra Maior ;
Designación de volumen o secuencia 46
534 ## - NOTA SOBRE LA VERSIÓN ORIGINAL
Frase introductoria Título original:
Mención de título del original Das lexikon der mentaltechniken : die besten methoden von a bis z
650 #4 - ASIENTO SECUNDARIO DE MATERIA - TERMINO TEMATICO
Término de materia o nombre geográfico como elemento de entrada Autocontrol
9 (RLIN) 2903
650 #4 - ASIENTO SECUNDARIO DE MATERIA - TERMINO TEMATICO
Término de materia o nombre geográfico como elemento de entrada TECNICAS DE AUTOAYUDA
9 (RLIN) 377
650 #4 - ASIENTO SECUNDARIO DE MATERIA - TERMINO TEMATICO
Término de materia o nombre geográfico como elemento de entrada DISCIPLINA MENTAL
9 (RLIN) 14124
700 1# - ASIENTO SECUNDARIO--NOMBRE DE PERSONAL
Nombre de persona Draksal, Michael,
Término indicativo de función/relación coaut.
905 ## - TIPO DE MATERIAL
Tipo de material Libro
Holdings
Estado de retiro Estado de pérdida Fuente del sistema de clasificación o colocación Estado dañado No para préstamo Código de colección Localización permanente Ubicación/localización actual Ubicación en estantería Total de préstamos Clasificación Código de barras Fecha visto por última vez Número de copia Tipo de ítem Koha
    Library of Congress Classification   Consulta Consulta Bib. Gregorio Torres Quintero Bib. Gregorio Torres Quintero Sala de lectura Sótano   BF632 B4.24 323674 31/12/2020 1 Libro